000 00246 a2200109 4500
001 44154
040 _cAnchieta - Aquarius
240 1 0 _aQuem canta seus males espanta
_l
245 1 0 _aQuem canta seus males espanta
650 4 _aMúsica
942 _cMU
999 _c44154
_d44154